Evénements du 14 avril - Statistiques

Statistiques générales
  • Ce quiz a été pris 49 fois
  • Le résultat moyen est 9 sur 15
Statistiques - réponses
Hint Réponse % Correct
Le Titanic heurte un icebert à 23h40 ET Naissance du photographe Robert Doisneau 1912
90%
Création des Etats Pontificaux par la donation de Pépin 754
79%
Attentat contre Abraham Lincoln 1865
72%
Proclamation de la seconde république espagnole ET 1ère transmission d'une image de télévision en France 1931
72%
Mort de Bernard Madoff 2021
72%
Emile Loubert inaugure l'exposition universelle à Paris 1900
69%
Naissance de la Miss France Flora Coquerel 1994
62%
Naissance de l'écrivain Alexandre Jardin 1965
59%
Mort de l'écrivain Maurice Druon 2009
45%
1ère publication du Génie du christianisme de Chateaubriand 1802
41%
Création de la principauté de l'Ile d'Elbe 1814
41%
Pol Pot devient 1er ministre du Cambodge 1976
41%
Pose de la 1ère pierre de la tour Montparnasse à Paris 1970
38%
Mort de l'animatrice Anne-Marie Peysson 2015
38%
La Bulgarie adopte le calendrier grégorien 1916
34%
Aucun quiz correspondant
Distribution des résultats
% des personnes avec chaque résultat
Percentile par nombre de réponses
Votre historique - résultats
Vous n’avez pas pris ce quiz